Logo BPK

Biblioteka

Politechniki Koszalińskiej

The Irish / (Rekord nr 48651)

Szczegóły MARC
000 -ETYKIETA REKORDU
podpole kontrolne o stałej długości 00451nam a2200169 i 4500
001 - NUMER KONTROLNY REKORDU
pole kontrolne bgj
040 ## - ŹRÓDŁO KATALOGOWANIA
Instytucja, która utworzyła rekord BPK
041 0# - KOD JĘZYKA
Kod języka tekstu eng
008 - POLE O STAŁEJ DŁUGOŚCI - DANE KONTROLNE
podpole kontrolne o stałej długości s uk f |000 0 eng
100 1# - NAZWA OSOBOWA
Nazwa osobowa O'FAOLAIN, Sean.
245 10 - TYTUŁ/ODPOWIEDZIALNOŚĆ
Tytuł The Irish /
Pozostałe elementy strefy tytułu i oznaczenia odpowiedzialności Sean O'Faolain.
260 ## - STREFA ADRESU WYDAWNICZEGO
Miejsce wydania Middlesesx, England :
Nazwa wydawcy/dystrybutora Penguin Books,
Data publikacji, dystrybucji/powstania dokumentu 1980.
300 ## - STREFA OPISU FIZYCZNEGO
Objętość 174 pp ;
Rozmiary 18 cm.
650 #9 - HASŁO PRZEDMIOTOWE W FORMIE NAZWY OGÓLNEJ LUB JEDNOSTKOWEJ
Nazwa ogólna lub geograficzna National characteristics, |Irish
651 #9 - HASŁO PRZEDMIOTOWE W FORMIE NAZWY GEOGRAFICZNEJ
Nazwa geograficzna Ireland
Określnik ogólny History
-- Civilization
942 ## - DODATKOWE ELEMENTY (KOHA)
Typ dokumentu Książka
Egzemplarze
Wycofany Status egzemplarza Uszkodzony Dostępność Lokalizacja stała Lokalizacja bieżąca Miejsce przechowywania Sygnatura Kod kreskowy Dział Typ dokumentu
      Tylko na miejscu Biblioteka Politechniki Koszalińskiej Biblioteka Politechniki Koszalińskiej Czytelnia Wydziałowa ul. Kwiatkowskiego 6e KA 5951 09052642 94(410) Historia Wielkiej Brytanii Książka
© 2023 Biblioteka Politechniki Koszalińskiej :: KOHA